000 00376 a2200181 4500
003 OSt
005 20210921130434.0
008 210921b |||||||| |||| 00| 0 eng d
020 _a0871566655
024 _chu
040 _chu
082 _2128.4
100 _asam wrighy
_95549
245 _akoviashuvik
260 _bhall
_c1988
300 _a341
942 _2ddc
_cBOOKS
_n0
999 _c5440
_d5440